01354nam a2200313 a 4500001001200000003000800012006001900020007001500039008004100054020001800095020002700113040002100140035002100161050002200182100003200204245022800236260003700464300002900501490003500530500002000565533015200585650003600737650004200773655002900815710001700844830003600861856012600897999001701023ebr10583707CaPaEBRm u cr cn|||||||||120803s2012 enka s 001 0 eng d z9781849693028 z9781849693035 (e-book) aCaPaEBRcCaPaEBR a(OCoLC)80834092114aT385b.A53 2012eb1 aAnderson-Williams, Russell.10aMastering Prezi for business presentationsh[electronic resource] :bengage your audience visually with stunning Prezi presentation designs and be the envy of your colleagues who use PowerPoint /cRussell Anderson-Williams. aBirmingham :bPackt Pub.,c2012. avii, 236 p. :bcol. ill.1 aCommunity experience distilled aIncludes index. aElectronic reproduction.bPalo Alto, Calif. :cebrary,d2013.nAvailable via World Wide Web.nAccess may be limited to ebrary affiliated libraries. 0aPresentation graphics software. 0aImage processingxDigital techniques. 7aElectronic books.2local2 aebrary, Inc. 0aCommunity experience distilled.40uhttp://site.ebrary.com/lib/rucke/Doc?id=10583707zAn electronic book accessible through the World Wide Web; click to view c82742d82742